000 00467nam a2200193Ia 4500
008 151119s9999||||xx |||||||||||||| ||und||
082 _a28.5
082 _bGKKV15461
100 _aARORA BOOK COMPANY
245 _aGIANT BOOK OF FAIRY TALES
260 _a--
260 _b--
260 _c0
600 _aARORA BOOK COMPANY
630 _aGIANT BOOK OF FAIRY TALES
700 _aARORA BOOK COMPANY
730 _aGIANT BOOK OF FAIRY TALES
942 _cBOOK
999 _c1068845
_d1068842